| 000 | 00391cam a2200145u 4500 | ||
|---|---|---|---|
| 082 |
_a961.03 _bAGA |
||
| 100 | 1 |
_aBarclay, C. N. _949108 |
|
| 245 | 1 | 0 | _aAgainst great odds; |
| 260 |
_a[London, _bSifton, Praed, _c1955] |
||
| 300 | _ap. cm. | ||
| 526 |
_a0 _b0 _c0 _d961_030000000000000_AGA |
||
| 650 | 0 |
_aMCE _9379 |
|
| 650 | 0 |
_aWorld War, 1939-1945 _xCampaigns _zLibya. _948940 |
|
| 942 |
_2ddc _cBK |
||
| 999 |
_c551938 _d551938 |
||